GENETIC STRUCTURE OF UKRAINIAN LOCAL CATTLE BREEDS

Bibliographic Details
Main Authors: S. I. Tarasjuk (Author), V. I. Glazko (Author)
Format: Article
Language:English
ISBN:8088985099

MARC

LEADER 00000naa a2200000uu 4500
001 vtls010933966
003 SK-MaSNL
005 20260302122701.0
008 210824|1999 xo |||||||||||||||||eng|
015 |a SNBRA 
035 |a (urnnbn)urn:nbn:sk:snk:ar-a0b665 
035 |a (uuid)858bb673-19c1-43e9-8a2b-88e5b6fa4bfb 
035 |a urn:nbn:sk:snk-aatyky 
040 |a SNKBUCL  |b slo  |c SNKBUCL  |e AACR2 
041 0 |a eng 
044 |a xo  |c SK 
100 1 |a S. I. Tarasjuk  |4 aut  |9 806591 
245 1 0 |a GENETIC STRUCTURE OF UKRAINIAN LOCAL CATTLE BREEDS  |c S. I. Tarasjuk, V. I. Glazko 
700 1 |a V. I. Glazko  |4 aut  |9 806590 
773 0 |t Biodiversity and animal genetic resources protection and utilization  |d Košice : University of Veterinary Medicine], 1999, 1999  |g S. 35  |z 8088985099 
958 |a OND 
958 |a article11 
958 |a chapter 
999 |c 1279113  |d 1281043